Nommez les 10 plus longs fleuves du monde - Statistiques

Statistiques générales
  • Ce quiz a été pris 235 fois
  • Le résultat moyen est 4 sur 10
Answers on the Grid
Answers color-coded by a green-red scale on the quiz's grid according to % correct below.
Amazone
Rhin
Ob
Bermejo
Nil
Congo
Yangtsé
Ienisseï
Danube
Mississippi
Mékong
Amour
Fleuve Jaune
Volga
 
Statistiques - réponses
Réponse % Correct
Amazone
94%
Nil
88%
Mississippi
48%
Mékong
29%
Yangtsé
29%
Congo
26%
Fleuve Jaune
18%
Amour
14%
Ienisseï
12%
Ob
10%
Aucun quiz correspondant
Distribution des résultats
% des personnes avec chaque résultat
Percentile par nombre de réponses
Votre historique - résultats
Vous n’avez pas pris ce quiz